|
|
|
|
| LEADER |
00000nam a2200000 a 4500 |
| 001 |
vtls010204598 |
| 003 |
SK-MaSNL |
| 005 |
20260301172839.0 |
| 008 |
240314s2010 xo l d p 000 0 slo |
| 015 |
|
|
|a SNBA2011/06-03492
|
| 020 |
|
|
|a 9788055204888
|q (brož.)
|
| 035 |
|
|
|a 8BC1F3A3-FA3F-41E7-BD19-91820A38326B
|
| 035 |
|
|
|a urn:nbn:sk:snk-amk1ca
|
| 035 |
|
|
|a urn:nbn:sk:snk-am0087ee
|
| 040 |
|
|
|a SNK
|b slo
|c SNK
|e AACR2
|
| 041 |
0 |
|
|a slo
|
| 044 |
|
|
|a xo
|c SK
|
| 072 |
|
7 |
|a 336.7
|x Financie
|2 konspekt
|
| 080 |
|
|
|a 336
|2 2001
|
| 080 |
|
|
|a 336.74
|2 2001
|
| 080 |
|
|
|a (075.8)
|2 2001
|
| 100 |
1 |
|
|a Serenčéš, Peter,
|d 1947-
|4 aut
|9 243364
|
| 245 |
1 |
0 |
|a Financie a mena
|c Peter Serenčéš a kol.
|
| 250 |
|
|
|a 4. preprac. a dopl. vyd.
|
| 260 |
|
|
|a Nitra
|b Slovenská poľnohospodárska univerzita
|c 2010
|
| 300 |
|
|
|a 180 s., 2 tab. na príl.
|b sch., tab.
|c 30 cm
|
| 366 |
|
|
|e 700 výt.
|
| 504 |
|
|
|a Bibliogr. s. 178-179. Zoz. použ. skrat. a označení
|
| 650 |
0 |
7 |
|a financie
|2 SNKPH
|9 2205
|
| 650 |
0 |
7 |
|a mena
|2 SNKPH
|
| 650 |
0 |
7 |
|a Finance
|2 SNKPHeng
|9 265496
|
| 650 |
0 |
7 |
|a Currency
|2 SNKPHeng
|9 326775
|
| 655 |
|
7 |
|a učebnice vysokých škôl
|2 SNKPH
|9 70191
|
| 655 |
|
7 |
|a Textbooks (higher)
|2 SNKPheng
|9 276436
|
| 700 |
1 |
|
|a Čierna, Zuzana
|4 aut
|9 334359
|
| 700 |
1 |
|
|a Tóth, Marián,
|d 1975-
|4 aut
|9 213905
|
| 700 |
1 |
|
|a Rábek, Tomáš,
|d 1982-
|4 aut
|9 203530
|
| 700 |
1 |
|
|a Szovics, Peter,
|d 1974-
|4 aut
|9 213904
|
| 852 |
|
|
|a Štatna vedecká knižnica v Banskej Bystrici
|
| 919 |
|
|
|a 978-80-552-0488-8
|
| 958 |
|
|
|a OND
|
| 958 |
|
|
|a NB
|
| 968 |
|
|
|d 33
|
| 999 |
|
|
|c 834883
|d 836813
|
| 952 |
|
|
|a SNK
|b SNK
|y PREZ
|7 0
|p 17A0696933
|o snkSB 81345
|i snk2011/8840
|8 0
|0 0
|1 0
|4 0
|d 2011-04-15
|f 1
|l 0
|r 2025-05-05 00:00:00
|w 2026-02-24
|
| 952 |
|
|
|a SNK
|b SNK
|y VYP
|7 0
|p 17A0696934
|o snkSB 81345 D1
|i snk2011/8841
|8 0
|0 0
|1 0
|4 0
|d 2011-04-15
|l 0
|r 2016-06-30 00:00:00
|w 2026-02-24
|